| 000 | 00402nam a2200157Ia 4500 | ||
|---|---|---|---|
| 005 | 20250318144636.0 | ||
| 008 | 231217s9999 xx 000 0 und d | ||
| 020 | _a9788174466341 | ||
| 082 | _a658.8 KUL;2 | ||
| 100 | _aKulkarni, Sameer A. | ||
| 245 | 0 | _aText book of virtual marketing | |
| 260 |
_c2008 _bExcel Books _aNew Delhi |
||
| 300 | _axv+216 | ||
| 650 | _avirtual,marketing | ||
| 942 | _cAA | ||
| 999 |
_c183472 _d183472 |
||